Adequació del reglament del patrimoni dels ens locals de Catalunya / Luis Chacón Ortega
ISBN:
84-7794-406-7
Descripción Física:
41 p. ; 30 cm
MARC
| LEADER | 00000nam a2200000Ia 4500 | ||
|---|---|---|---|
| 001 | 11115 | ||
| 008 | 160829s1995 xx 000 0 cat d | ||
| 020 | |a 84-7794-406-7 | ||
| 080 | |a FU-27-8 | ||
| 100 | |a Chacón Ortega, Luis |9 22768 | ||
| 245 | |a Adequació del reglament del patrimoni dels ens locals de Catalunya / Luis Chacón Ortega | ||
| 260 | |a Barcelona : |b Diputació de Barcelona, |c 1995 | ||
| 300 | |a 41 p. ; |c 30 cm | ||
| 650 | |a Patrimoni dels ens locals |x Dret i legislació |x Catalunya |9 22769 | ||
| 710 | 1 | |a Barcelona (Catalunya : Província). |b Diputació |9 52408 | |
| 901 | |a Arxiu | ||
| 942 | |n 1 | ||
| 952 | |0 0 |1 0 |4 0 |6 FU278 |7 1 |9 42322 |a Arxiu |b Arxiu |d 2016-12-01 |l 0 |o FU-27-8 |p 11115 |r 2016-12-01 00:00:00 |w 2016-12-01 |y ARXIU | ||
| 999 | |c 44800 |d 44800 | ||